000 00761nam a2200229 a 4500
001 000022666
005 20200930021728.0
008 101014s1997 es 001 0 spa d
020 _a8423988082
040 _aDO-SdBNP
_bspa
_cBNPHU
082 _axxxx
_bB198e
100 1 _aBalzac, Honoré de
_d1799- 1850
_946623
245 1 0 _aEugénic Grandet ;
_bPapá Goriot ; Azucena en el valle /
_cHonoré de Balzac.
260 _aMadrid, :
_bEditorial Espasa Calpe,
_c1997.
_fHuertas
300 _a675 p. ;
_c22 cm.
490 1 _aAntología de la literatura universal
563 _aVarias obras empaginadas en páginas continuas
740 2 _aPapá Goriot
740 2 _aAzucena en el valle
830 0 _aAntología de la literatura universa
_946616
049 _aBNPD
999 _c22163
_d22163